000 00467nam a2200193 a 4500
001 7885
003 CO-ViMGA
008 141112s2004 ck r 000 u spa d
020 _a9682424496
040 _aCO-ViMGA
_bspa
_cCO-ViMGA
082 0 4 _aHas
100 1 _aHass, Dorothy
_97468
245 1 0 _aFuria
260 _aMexico Trillas.1992
300 _a32.p.
490 _aCuentame un cuento, cuentos de baúl
650 1 4 _aCUENTOS INFANTILES
_92743
942 _2ddc
_cBK
999 _c19747
_d19747